Relative productivity levels, 1947-1973 (Registro nro. 26850)

Detalles MARC
000 -LEADER
fixed length control field 00400 a2200133 4500
001 - CONTROL NUMBER
control field ART_13865
005 - DATE AND TIME OF LATEST TRANSACTION
control field 20260410161911.0
008 - FIXED-LENGTH DATA ELEMENTS--GENERAL INFORMATION
fixed length control field 260409a
100 1# - MAIN ENTRY--PERSONAL NAME
Personal name Christensen, Laurits R.
245 10 - TITLE STATEMENT
Title Relative productivity levels, 1947-1973
700 1# - ADDED ENTRY--PERSONAL NAME
Personal name Cummings, D.
700 1# - ADDED ENTRY--PERSONAL NAME
Personal name Jorgenson, Dale W.
773 0# - HOST ITEM ENTRY
Title European economic review
Related parts - Vol. 16, Nº 1 (may. 1981)
Record control number REV13346

No hay ítems disponibles.